[Event "Mittelfranken-chTB2a 1011"]
[Site "Germany"]
[Date "2011.02.13"]
[Round "6.6"]
[White "Launer, Patrick"]
[Black "Herlan, Klaus Juergen"]
[Result "1-0"]
[WhiteElo "1529"]
[BlackElo "1895"]
[PlyCount "79"]
[EventDate "2010.09.26"]
[EventType "team-tourn"]
[EventRounds "9"]
[EventCountry "GER"]
[SourceTitle "EXT 2012"]
[Source "ChessBase"]
[SourceDate "2011.11.24"]
[SourceVersion "1"]
[SourceVersionDate "2011.11.24"]
[SourceQuality "1"]
[WhiteTeam "Wilhermsdorf/Langenzenn"]
[BlackTeam "Nuernberg NT V"]
[WhiteTeamCountry "GER"]
[BlackTeamCountry "GER"]

1. d4 Nf6 2. g3 d5 3. Bg2 e6 4. Bg5 Be7 5. e3 0-0 6. Ne2 Nbd7 7. 0-0 c5 8. c3 b5 9. Na3 a6 10. Nc2 Bb7 11. f4 Qb6 12. f5 Rad8 13. fxe6 Qxe6 14. Nf4 Qd6 15. Qd3 Ne4 16. dxc5 Ndxc5 17. Bxe7 Qxe7 18. Qd4 Nf6 19. Rad1 Ne6 20. Qe5 Nd7 21. Nxd5 Qc5 22. Qh5 g6 23. Qh4 Bxd5 24. Rxd5 Qc7 25. Nd4 Ndc5 26. Rxd8 Rxd8 27. Qf6 Ng7 28. Nc6 Re8 29. Bd5 Nce6 30. g4 Rf8 31. Kg2 Re8 32. h4 h5 33. g5 Nf5 34. Rxf5 gxf5 35. g6 f4 36. Ne5 fxg6 37. Bxe6+ Rxe6 38. Qxe6+ Kh8 39. Qe8+ Kh7 40. Qxg6+ 1-0